Представление документа в формате RUSMARC

ПолеНазваниеЗначение
  Тип записи a
  Библиографический уровень m
001 Контрольный номер RU/SLIB/B/208790515
005 Дата корректировки 20201206204417.5
010 Индекс ISBN __
a ISBN 5-7695-2062-0
d Цена 321-28; 525-00; 501-00
100 Данные общей обработки __
a Данные общей обработки 19050211d2005 |||y0rusy0189 ca
101 Язык документа __
a Язык текста rus
c Язык оригинала rus
102 Страна публикации __
a Страна публикации ru
105 Кодированные данные (монография) __
a Кодированные данные (монография) a |||||||zy
200 Заглавие и сведения об ответственности 1_
a Заглавие Химическая энзимология
e Сведения, относящиеся к заглавию учеб. для студентов, обучающихся по специальности 011000 "Химия" и направлению 510500 "Химия"
f Первые сведения об ответственности С. Д. Варфоломеев
b Общее обозначение материала Текст
210 Выходные данные __
a Место издания М.
c Издательство Academia
d Дата издания 2005
215 Физическое описание __
a Объем 471, [1] с.
c Иллюстрации/тип воспроизводства ил.
225 Серия __
a Серия Учебник
225 Серия __
a Серия Высшее профессиональное образование
i Наименование части Естественные науки
320 Библиография __
a Библиография Сисок лит.: с. 468
330 Аннотация __
a Аннотация Изложены основы ферментативного катализа, обсуждаются аспекты его практического использования. Рассмотрены структура ферментов и их активных центров, кинетика ферментативного катализа и молекулярные механизмы действия ферментов, физико-химические основы высокой специфичности и эффективности биологического катализа.
606 Тематические рубрики __
a Основная рубрика Биология
606 Тематические рубрики __
a Основная рубрика Общая биохимия
610 Ключевые слова __
a Ключевые слова ферменты; энзимология; химическая энзимология; химия белка; строение белков; белки (химия); аминокислоты; ферментативный катализ; химическая кинетика; инактивация ферментов; биоэлектрокатализ; белковые системы; каталитическое действие; химические реакции; генетическая инженерия; гетерогенные катализаторы; иммобилизованные ферменты; макрокинетика; инженерная энзимология
686 Индексы других классификаций __
a Классификационный индекс 28.072я73
700 Автор _1
a Фамилия Варфоломеев
b Имя С. Д.
g Полное личное имя Сергей Дмитриевич
4 Код отношения 070
801 Источник записи _0
a Страна ru
b Организация Муниципальное бюджетное учреждение культуры "Централизованная библиотечная система" г. Сургут (Центральная городская библиотека им. А. С. Пушкина)
c Дата составления 20050211
g Правила каталогизации КиК/Поспелова; КиК/Елгина
801 Источник записи _1
a Страна ru
b Организация Муниципальное бюджетное учреждение культуры "Централизованная библиотечная система" г. Сургут (Центральная городская библиотека им. А. С. Пушкина)
c Дата составления 20050211
g Правила каталогизации КиК/Поспелова; КиК/Елгина
852 Данные о местонахождении __
j Шифр хранения 28.072я73
i Авторский знак В 18
901 Тип документа __
t Тип документа m
903 Характеристики (МАРС) __
a Дата передачи 20070212; 20060707
969 Тип издания __
a Тип издания учебник
990 Данные о заказе (DOS) __
j Количество экземпляров (DOS) 2; 7
t N записи в КСУ для И/У (DOS) 200702; 200607